| 000 -LEADER |
| fixed length control field |
00261nam a22000977a 4500 |
| 082 ## - DEWEY DECIMAL CLASSIFICATION NUMBER |
| Classification number |
TNC |
| 100 ## - MAIN ENTRY--PERSONAL NAME |
| Personal name |
Srinath, C. N. (ed.) |
| 9 (RLIN) |
23530 |
| 245 ## - TITLE STATEMENT |
| Title |
Nobel laureates in literature |
| Statement of responsibility, etc |
edited by C. N. Srinath |
| 260 ## - PUBLICATION, DISTRIBUTION, ETC. (IMPRINT) |
| Place of publication, distribution, etc |
Mysore |
| Name of publisher, distributor, etc |
Dhvanyaloka Pub. |
| Date of publication, distribution, etc |
2007 |
| 300 ## - PHYSICAL DESCRIPTION |
| Extent |
133p. |